El gobierno no tiene el monopolio del desarrollo; entrevista con el embajador de Holanda Frans Van Haren /

En Costa Rica se encuentra en marcha un convenio bilateral sobre desarrollo sostenible con el gobierno de Holanda, por una duración de diez años y con recursos que llegan hasta los diez millones de dólares al año. Más allá del monto de esta ayuda, se encuentra un novedoso concepto de cooperación que...

Mô tả đầy đủ

Đã lưu trong:
Chi tiết về thư mục
Tác giả chính: Gamboa Mora, Nuria
Tác giả khác: Haren, Frans van
Định dạng: Texto
Những chủ đề:
Các nhãn: Thêm thẻ
Không có thẻ, Là người đầu tiên thẻ bản ghi này!

MARC

LEADER 00000 a a2200000 04500
001 8472
003
040
100 |a Gamboa Mora, Nuria  
245 |a El gobierno no tiene el monopolio del desarrollo; entrevista con el embajador de Holanda Frans Van Haren /  |c Nuria Gamboa Mora 
520 |a En Costa Rica se encuentra en marcha un convenio bilateral sobre desarrollo sostenible con el gobierno de Holanda, por una duración de diez años y con recursos que llegan hasta los diez millones de dólares al año. Más allá del monto de esta ayuda, se encuentra un novedoso concepto de cooperación que busca trascender la tradicional relación gobierno-gobierno, para acercar otros interlocutores de la sociedad civil en un esfuerzo nacional y participativo por el desarrollo sostenible. Se indica que el desarrollo sostenible debe de establecerse con el sector privado, las organizaciones no gubernamentales, las organizaciones sociales, las universidades y otras. Se quiere demostrar que es posible influir en las políticas del gobierno con este tipo de cooperación. La ayuda económica va dirigida a aportar al desarrollo del país en tres dimensiones, en lo económico y sus efectos sociales y ambientales a largo plazo, se sostiene que si el aspecto económico es tratado de forma responsable, los aspectos ambientales y sociales son potenciados y el propio crecimiento se torna sostenible. OB/LOB  
650 |a DESARROLLO SUSTENTABLE  
650 |a PARTICIPACION SOCIAL  
650 |a ORGANIZACIONES NO GUBERNAMENTALES  
650 |a AYUDA AL DESARROLLO  
650 |a ESTRATEGIA DEL DESARROLLO  
650 |a RECURSOS NATURALES  
650 |a PAISES EN DESARROLLO  
650 |a PAISES DESARROLLADOS  
700 |a Haren, Frans van  
773 |g número 40; páginas 37-38  
999 |c 27225  |d 27225